Critical engagement : Irish republicanism, memory politics and policing /

This book represents the first interdisciplinary study of how memory has driven and challenged the political transition of Irish republicanism from armed conflict to constitutional politics through endorsing policing and the rule of law in the North of Ireland. Locating itself within memory studies,...

Full description

Bibliographic Details
Main Author: Hearty, Kevin (Author)
Corporate Author: JSTOR (Organization)
Format: eBook
Language:English
Published: Liverpool : Liverpool University Press, 2017.
Subjects:
Online Access:Connect to the full text of this electronic book

MARC

Tag First Indicator Second Indicator Subfields
LEADER 00000cam a2200000Mi 4500
001 in00004635163
006 m o d
007 cr |||||||||||
008 170712s2017 enk o 000 0 eng d
005 20230103223413.8
035 |a (OCoLC)on1016915170 
040 |a NLE  |b eng  |e rda  |e pn  |c NLE  |d NLE  |d OCLCF  |d OCLCO  |d YDX  |d JSTOR  |d N$T  |d OCLCA  |d U3W  |d INT  |d OCLCQ  |d UKMGB  |d UKKNU  |d UKLUP  |d OCLCO 
015 |a GBB7H7657  |2 bnb 
016 7 |a 018536217  |2 Uk 
020 |a 9781786948281  |q (electronic bk.) 
020 |a 1786948281  |q (electronic bk.) 
020 |z 9781786940476  |q (hbk.) 
035 |a (OCoLC)1016915170 
037 |a 9781786948281  |b Liverpool University Press 
037 |a 22573/ctt1pr72cr  |b JSTOR 
043 |a e-uk-ni 
050 4 |a HV8197.5.A3 
072 7 |a HIS018000  |2 bisacsh 
072 7 |a BUS  |x 032000  |2 bisacsh 
072 7 |a SOC  |x 000000  |2 bisacsh 
082 0 4 |a 363.2/09416  |2 23 
049 |a TXAM 
100 1 |a Hearty, Kevin,  |e author. 
245 1 0 |a Critical engagement :  |b Irish republicanism, memory politics and policing /  |c Kevin Hearty. 
264 1 |a Liverpool :  |b Liverpool University Press,  |c 2017. 
300 |a 1 online resource 
336 |a text  |b txt  |2 rdacontent 
337 |a computer  |b c  |2 rdamedia 
338 |a online resource  |b cr  |2 rdacarrier 
500 |a Acknowledgements viiList of Figures and Tables xList of Abbreviations xiIntroduction 11 Understanding a Fraught Historical Relationship 252 Irish Republican Memory as Counter-Memory 553 Ideology and Policing 874 The Patriot Dead 1215 Transition, 'Never Again' and 'Moving On' 1496 The PSNI and 'Community Policing' 1837 The PSNI and 'Political Policing' 217Conclusion 249References 263Index 303. 
520 |a This book represents the first interdisciplinary study of how memory has driven and challenged the political transition of Irish republicanism from armed conflict to constitutional politics through endorsing policing and the rule of law in the North of Ireland. Locating itself within memory studies, critical criminology and transitional justice, this book uses original interviews with political activists, community workers and former combatants from across the spectrum of modern Irish republicanism to draw out how the past frames internal tensions within the Irish republican constituency as those traditionally opposed to state policing structures opt to buy into them as part of a wider transitional process in post-conflict Northern Ireland. The book critiques the challenges of making peace with the enemy against a backdrop of communal narratives and memories of historic injustice, counterinsurgency policing and human rights abuse that do not simply disappear when war turns to peace. Through a rich empirical basis the book offers an insight into these challenges from the perspective of those who were, and remain, in the thick of the Irish republican debate on policing. In doing so it provides an acute insight into the role that individual and collective memory plays in reshaping ideological outlooks, understanding processes of political transition, contextualising 'moving on' processes with former enemies and conditioning views of post-conflict police reform. 
505 0 |a Understanding a fraught historical relationship -- Irish Republican memory as counter-memory -- Ideology and policing -- The patriot dead -- Transition, 'never again' and 'moving on' -- The PSNI and 'community policing' -- The PSNI and 'political policing'. 
650 0 |a Police  |z Northern Ireland. 
650 0 |a Conflict management  |z Northern Ireland. 
650 0 |a Transitional justice  |z Northern Ireland. 
650 0 |a Collective memory  |z Northern Ireland. 
651 0 |a Northern Ireland  |x Politics and government. 
650 6 |a Gestion des conflits  |z Irlande du Nord. 
650 6 |a Justice transitionnelle  |z Irlande du Nord. 
650 6 |a Mémoire collective  |z Irlande du Nord. 
651 6 |a Irlande du Nord  |x Politique et gouvernement. 
650 7 |a HISTORY  |z Europe  |z Ireland.  |2 bisacsh 
650 7 |a BUSINESS & ECONOMICS  |x Infrastructure.  |2 bisacsh 
650 7 |a SOCIAL SCIENCE  |x General.  |2 bisacsh 
650 7 |a Collective memory.  |2 fast  |0 (OCoLC)fst01739814 
650 7 |a Conflict management.  |2 fast  |0 (OCoLC)fst00874778 
650 7 |a Police.  |2 fast  |0 (OCoLC)fst01068398 
650 7 |a Politics and government.  |2 fast  |0 (OCoLC)fst01919741 
650 7 |a Transitional justice.  |2 fast  |0 (OCoLC)fst01747069 
651 7 |a Northern Ireland.  |2 fast  |0 (OCoLC)fst01205215 
655 7 |a Electronic books.  |2 local 
710 2 |a JSTOR (Organization) 
776 0 8 |i Print version:  |z 9781786940476 
856 4 0 |u https://www.jstor.org/stable/10.2307/j.ctt1ps31x5  |z Connect to the full text of this electronic book  |t 0 
955 |a JSTOR Open Access ebooks 
994 |a 92  |b TXA 
999 f f |s 27ce5a21-41b5-42bf-af5f-15fca96ff710  |i 05b276e6-5426-49da-aa90-6e6ff6846616  |t 0 
952 f f |a Texas A&M University  |b College Station  |c Electronic Resources  |d Available Online  |t 0  |e HV8197.5.A3   |h Library of Congress classification 
998 f f |a HV8197.5.A3   |t 0  |l Available Online